|
|
|
|
| LEADER |
02125nam a2200457 i 4500 |
| 001 |
EBC1647452 |
| 003 |
MiAaPQ |
| 005 |
20200520144314.0 |
| 006 |
m o d | |
| 007 |
cr cnu|||||||| |
| 008 |
130705s2014 ncua ob 001 0 eng|d |
| 020 |
|
|
|z 9780822356240 (cloth : alk. paper)
|
| 020 |
|
|
|z 9780822356332 (pbk. : alk. paper)
|
| 020 |
|
|
|a 9780822376910 (e-book)
|
| 035 |
|
|
|a (MiAaPQ)EBC1647452
|
| 035 |
|
|
|a (Au-PeEL)EBL1647452
|
| 035 |
|
|
|a (CaPaEBR)ebr10845405
|
| 035 |
|
|
|a (CaONFJC)MIL580683
|
| 035 |
|
|
|a (OCoLC)867660713
|
| 040 |
|
|
|a MiAaPQ
|b eng
|e rda
|e pn
|c MiAaPQ
|d MiAaPQ
|
| 043 |
|
|
|a n-us---
|
| 050 |
|
4 |
|a HD8081.A5
|b B74 2014
|
| 082 |
0 |
|
|a 331.11/730973
|2 23
|
| 100 |
1 |
|
|a Brennan, Denise,
|d 1964-
|e author.
|
| 245 |
1 |
0 |
|a Life interrupted :
|b trafficking into forced labor in the United States /
|c Denise Brennan.
|
| 264 |
|
1 |
|a Durham :
|b Duke University Press,
|c 2014.
|
| 300 |
|
|
|a 1 online resource (302 pages) :
|b illustrations
|
| 336 |
|
|
|a text
|2 rdacontent
|
| 337 |
|
|
|a computer
|2 rdamedia
|
| 338 |
|
|
|a online resource
|2 rdacarrier
|
| 504 |
|
|
|a Includes bibliographical references and index.
|
| 505 |
0 |
|
|a Dangerous labor : working without documentation and working in the sex industry -- Chains of fear : the subjectivity of coercion -- Imagining the possible : creating home -- Making the possible possible : settling into home -- Laboring after forced labor.
|
| 588 |
|
|
|a Description based on print version record.
|
| 590 |
|
|
|a Electronic reproduction. Ann Arbor, MI : ProQuest, 2015. Available via World Wide Web. Access may be limited to ProQuest affiliated libraries.
|
| 650 |
|
0 |
|a Foreign workers
|x Abuse of
|z United States.
|
| 650 |
|
0 |
|a Human trafficking
|z United States.
|
| 650 |
|
0 |
|a Human rights
|z United States.
|
| 655 |
|
4 |
|a Electronic books.
|
| 776 |
0 |
8 |
|i Print version:
|a Brennan, Denise.
|t Life interrupted : trafficking into forced labor in the United States.
|d Durham : Duke University Press, 2014
|z 9780822356240
|w (DLC)10845405
|
| 797 |
2 |
|
|a ProQuest (Firm)
|
| 856 |
4 |
0 |
|u https://ebookcentral.proquest.com/lib/matrademy/detail.action?docID=1647452
|z Click to View
|